| 000 | 00478nam a2200121 a 4500 | ||
|---|---|---|---|
| 008 | 120416s1977 ||||||||||||||||| || u | ||
| 050 | _aHG 3898 Dre | ||
| 100 | _aDreyer, Jacob S | ||
| 245 | 1 | 0 | _aComposite reserve assets in the international monetary system |
| 260 |
_aGreenwich, Conn. _bJAI Press _c1977 |
||
| 350 | _a0.00 | ||
| 995 |
_D0.00 _FCBU-MAIN LIBRARY (Kitwe) _H1 _I4.00 _M1 _UAVAILABLE _ZAnnex Low-Usage Collection |
||
| 999 |
_c38173 _d38173 |
||